000 01438nam a2200337 c 4500
003 BLK
005 20180422105316.0
008 180409b bul|||||r ||||||| ||bul||
010 _aKNG00105054000
020 _a954-585-419-7
_bиздат.: Бард
040 _aBLK
041 _aBUL
_cBUL
080 _aАмериканска литература (на САЩ)
_b821.111(73)
_x-312.9
_z821.111(73)-312.9
100 1 _aАндерсън, Кевин Дж.
_eпърви автор
_9366678
700 1 _aБъчваров, Крум
_eпрев. от англ.
_9364186
139 _aАндерсън, Кевин Дж.
_bА 65
245 1 0 _aСкритата империя
_bРоман
_cКевин Дж. Андерсън; прев. от англ. Крум Бъчваров.
257 _aUSA
260 София
_bБард
_c2003
_fХасково : Полиграфюг
300 _a544 с.
_c20 см
380 _aX
490 1 _aИзбрана световна фантастика
_v101
500 _aОриг. загл. The Saga of Seven Suns. B. 1. Hidden Empire / Kevin J. Anderson. - Офс. изд. - Съдържа и Хронология ; Речник. Кн. 1 от Сага за седемте слънца.
653 _aфантастика
653 _aромани
852 _aЦб 214162
856 4 _qpdf
_u
856 4 _qpdf
_u
942 _cKNG
_n0
944 _aCR
_c01.01.2003
_kВаля_Йорданова
944 _aED
_c21.02.2011
_k
999 _c100036
_d100036